| 000 | 01974nam a2200445 c 4500 | ||
|---|---|---|---|
| 003 | BLK | ||
| 005 | 20241101153826.0 | ||
| 008 | 180411b bul|||||r ||||||| ||bul|| | ||
| 010 | _aKNG00199472000 | ||
| 020 |
_a978-954-660-649-5 _bиздат.: ПАН |
||
| 040 | _aBLK | ||
| 041 |
_aBUL _cBUL |
||
| 072 | 7 |
_2bullib _aН85 _xДетска художествена литература Н |
|
| 080 |
_aБългарска литература _b821.163.2 _x-93-32 _z821.163.2-93-32 |
||
| 080 |
_aОснови на четенето. Методи на обучение в четенето _b372.41 _x _z372.41 |
||
| 080 |
_aСистематична (специална) зоология. Вж и 562/569; 57.06 _b592/599 _x(0:82-93-32) _z592/599(0:82-93-32) |
||
| 100 | 1 |
_aРусанов, Любомир Кирилов _9117434 |
|
| 700 | 1 |
_aТанев, Кирил Танев _eил. _9378444 |
|
| 700 | 1 |
_aКръстев, Венцислав _eил. _9372887 |
|
| 139 |
_aРусанов, Любомир Кирилов _bР 93 |
||
| 245 | 1 | 0 |
_aПразник на буквите с животни за всяка буква от азбуката _cЛюбомир Кирилов Русанов; ил. Кирил Танев Танев; ил. Венцислав Кръстев. |
| 257 | _aBGR | ||
| 260 |
_аСофия _bПАН _c2016 |
||
| 300 |
_a64 с. _bс цв. ил. _c24 см |
||
| 380 | _aDX | ||
| 650 | 4 |
_aАзбука _9146594 |
|
| 650 | 4 |
_aЖивотни - детска и юношеска литература _9259259 |
|
| 653 | _aазбука | ||
| 653 | _aбукви | ||
| 653 | _aживотни | ||
| 653 | _aлитература за деца | ||
| 653 | _aдетска литература | ||
| 659 | _aН | ||
| 852 | _aЦб 284164 | ||
| 856 | 4 |
_qpdf _u |
|
| 856 | 4 |
_qpdf _u |
|
| 942 |
_cKNG _n0 _020 |
||
| 944 |
_aCR _c27.01.2017 _lГеновева Генчева _k30560 |
||
| 944 |
_aED _c02.03.2017 _lф / _kЛюдмила_Стоянова |
||
| 999 |
_c190337 _d190337 |
||